000 00849cab a2200289 4500
001 ABS51102
008 090401t1994 xxu||||| |||| 00| 0 eng d
035 _a(Sirsi) u10117
041 _aeng
100 _aCooke, E.
245 _aTrespass, mesne profits and restitution
260 _c1994
350 _a0
490 _aLaw Quarterly Review
_v(110) July 1994, 420-430(11)
520 _aExamines the factors involved in trespass, mesne profits and restitution looking at several examples of relevant case law. Explains the issues in-depth.
650 _aBOARDMAN V PHIPPS
650 _aDAMAGES
650 _aLEASES
650 _aMESNE PROFITS
650 _aMOD V ASHMAN
650 _aMOD V THOMPSON
650 _aRESTITUTION
650 _aTRESPASS
690 _aPROPERTY-LANDLORD AND TENANT
942 _n0
948 _c04/03/1997
999 _c6357
_d6357